Reglamentación de la reforma del impuesto a las ganancias. Decreto 2334/2013 (Registro nro. 3494)
[ vista simple ]
| 000 -LEADER | |
|---|---|
| fixed length control field | 01411 a2200253 4500 |
| 001 - CONTROL NUMBER | |
| control field | 41389 |
| 005 - DATE AND TIME OF LATEST TRANSACTION | |
| control field | 20260407155708.0 |
| 008 - FIXED-LENGTH DATA ELEMENTS--GENERAL INFORMATION | |
| fixed length control field | 260407a2014 arg spa d |
| 003 - CONTROL NUMBER IDENTIFIER | |
| control field | AR-UNSa-BCEJYS |
| 040 ## - CATALOGING SOURCE | |
| Original cataloging agency | AR-UNSa-BCEJYS |
| Language of cataloging | spa |
| Transcribing agency | AR-UNSa-BCEJYS |
| 080 ## - UNIVERSAL DECIMAL CLASSIFICATION NUMBER | |
| Universal Decimal Classification number | 336.226.1 |
| Common auxiliary subdivision | Impuestos a las ganancias o los beneficios (Impuesto Diferido) |
| 041 ## - LANGUAGE CODE | |
| Language code of text/sound track or separate title | spa |
| 100 1# - MAIN ENTRY--PERSONAL NAME | |
| Personal name | Gutiérrez, Carlos J. S. |
| 245 10 - TITLE STATEMENT | |
| Title | Reglamentación de la reforma del impuesto a las ganancias. Decreto 2334/2013 |
| Name of part/section of a work | Venta de acciones y otros títulos valores. Dividendos y distribución de utilidades |
| 264 #1 - PRODUCTION, PUBLICATION, DISTRIBUTION, MANUFACTURE, AND COPYRIGHT NOTICE | |
| Place of production, publication, distribution, manufacture | Buenos Aires : |
| Name of producer, publisher, distributor, manufacturer | Errepar |
| Date of production, publication, distribution, manufacture, or copyright notice | 2014 |
| 300 ## - PHYSICAL DESCRIPTION | |
| Extent | 64 p. |
| Dimensions | 21 cm. |
| 505 ## - FORMATTED CONTENTS NOTE | |
| Formatted contents note | 1. Impuesto a las ganancias, decreto 2334/2013: la reglamentación de la reforma de la ley 26893 / Martín R. Caranta - 2. Decreto 2334/2013. Reforma en el decreto reglamentario de la ley de impuesto a las ganancias / Carlos J. Gutiérrez - 3. Reglamentación de las rentas financieras en el impuesto a las ganancias / José A. Moreno Gurrea - 4. Se reglamentó la última modificación del impuesto a las ganancias. ¿Y ahora? / Atilio V. Sánchez Ricciardi<br/> |
| 590 ## - LOCAL NOTE (RLIN) | |
| Local note | niveau_biblio:m niveau_hierar:0 |
| 700 1# - ADDED ENTRY--PERSONAL NAME | |
| Personal name | Caranta, Martín R. |
| 700 1# - ADDED ENTRY--PERSONAL NAME | |
| Personal name | Moreno Gurrea, José A. |
| 700 1# - ADDED ENTRY--PERSONAL NAME | |
| Personal name | Sánchez Ricciardi, Atilio V. |
| 856 41 - ELECTRONIC LOCATION AND ACCESS | |
| Uniform Resource Identifier | <a href="https://biblioeco.unsa.edu.ar/pmb/images/libros/E00052.jpg">https://biblioeco.unsa.edu.ar/pmb/images/libros/E00052.jpg</a> |
| Link text | Imagen de portada |
| Electronic format type | image/jpeg |
| 942 ## - ADDED ENTRY ELEMENTS (KOHA) | |
| Koha item type | |
| Withdrawn status | Lost status | Damaged status | Not for loan | Home library | Current library | Shelving location | Date acquired | Total checkouts | Full call number | Barcode | Date last seen | Price effective from | Koha item type |
|---|---|---|---|---|---|---|---|---|---|---|---|---|---|
| Biblioteca Prof. Eusebio Cleto del Rey | Biblioteca Prof. Eusebio Cleto del Rey | 07/04/2026 | E336.226.1 R337/ER | E00052 | 07/04/2026 | 07/04/2026 | Libro |